| 000 | 00497nam a2200169 a 4500 | ||
|---|---|---|---|
| 001 | 2158 | ||
| 003 | CDMR | ||
| 005 | 20131024105109.0 | ||
| 008 | 130130s1986||||||||||||||||||||||||||||d | ||
| 020 | _a8475850537 | ||
| 040 |
_aCDMR _bcat _cCDMR |
||
| 100 | 1 |
_aDíaz Mancisidor, Alberto _91494 |
|
| 245 | 1 | 3 |
_aLa nueva radio _cAlberto Díaz Mancisidor, Víctor Urrutia Abaigar |
| 260 |
_aBilbao _c1986 _bServicio Editorial Universidad del País Vasco |
||
| 650 | 0 | 4 |
_94179 _aRàdio _xOients |
| 942 |
_cMON _2udc |
||
| 999 |
_c2158 _d2158 |
||